|
|
|
|
| LEADER |
03285nam a2200505 4500 |
| 001 |
978-981-13-3618-8 |
| 003 |
DE-He213 |
| 005 |
20191022151130.0 |
| 007 |
cr nn 008mamaa |
| 008 |
190107s2019 si | s |||| 0|eng d |
| 020 |
|
|
|a 9789811336188
|9 978-981-13-3618-8
|
| 024 |
7 |
|
|a 10.1007/978-981-13-3618-8
|2 doi
|
| 040 |
|
|
|d GrThAP
|
| 050 |
|
4 |
|a HT101-395
|
| 072 |
|
7 |
|a JHB
|2 bicssc
|
| 072 |
|
7 |
|a SOC026030
|2 bisacsh
|
| 072 |
|
7 |
|a JHB
|2 thema
|
| 072 |
|
7 |
|a JBSD
|2 thema
|
| 082 |
0 |
4 |
|a 307.76
|2 23
|
| 100 |
1 |
|
|a Blakely, Edward J.
|e author.
|4 aut
|4 http://id.loc.gov/vocabulary/relators/aut
|
| 245 |
1 |
0 |
|a Crafting Innovative Places for Australia's Knowledge Economy
|h [electronic resource] /
|c by Edward J. Blakely, Richard Hu.
|
| 250 |
|
|
|a 1st ed. 2019.
|
| 264 |
|
1 |
|a Singapore :
|b Springer Singapore :
|b Imprint: Palgrave Macmillan,
|c 2019.
|
| 300 |
|
|
|a XIX, 263 p. 67 illus.
|b online resource.
|
| 336 |
|
|
|a text
|b txt
|2 rdacontent
|
| 337 |
|
|
|a computer
|b c
|2 rdamedia
|
| 338 |
|
|
|a online resource
|b cr
|2 rdacarrier
|
| 347 |
|
|
|a text file
|b PDF
|2 rda
|
| 505 |
0 |
|
|a Rediscovering Places -- The Lucky Country Still? -- Australian Cities in Competition -- Global Innovative Places -- Dissecting Innovative Places -- Pursuing Innovation in Australian Cities -- The Art of Crafting -- The Smart Way Forward.
|
| 520 |
|
|
|a This book integrates planning, policy, economics, and urban design into an approach to crafting innovative places. Exploring new paradigms of innovative places under the framework of globalisation, urbanisation, and new technology, it argues against state-centric policies to innovation and focuses on how a globalized approach can shape innovative capacity and competitiveness. It notably situates the innovative place making paradigm in a broader context of globalisation, urbanisation, the knowledge economy and technological advancement, and employs an international perspective that includes a wide range of case studies from America, Europe, Asia, and Australia. Developing a co-design and co-creation paradigm that integrates governments, the private sector and the community into shared understanding and collaborative action in crafting innovative places, it discusses place-based innovation in Australian context to inform policy making and planning, and to contribute to policy debates on programs of smart cities and communities. .
|
| 650 |
|
0 |
|a Sociology, Urban.
|
| 650 |
|
0 |
|a Urban geography.
|
| 650 |
|
0 |
|a Management.
|
| 650 |
|
0 |
|a Industrial management.
|
| 650 |
1 |
4 |
|a Urban Studies/Sociology.
|0 http://scigraph.springernature.com/things/product-market-codes/X22250
|
| 650 |
2 |
4 |
|a Urban Geography / Urbanism (inc. megacities, cities, towns).
|0 http://scigraph.springernature.com/things/product-market-codes/J15010
|
| 650 |
2 |
4 |
|a Innovation/Technology Management.
|0 http://scigraph.springernature.com/things/product-market-codes/518000
|
| 700 |
1 |
|
|a Hu, Richard.
|e author.
|4 aut
|4 http://id.loc.gov/vocabulary/relators/aut
|
| 710 |
2 |
|
|a SpringerLink (Online service)
|
| 773 |
0 |
|
|t Springer eBooks
|
| 776 |
0 |
8 |
|i Printed edition:
|z 9789811336171
|
| 776 |
0 |
8 |
|i Printed edition:
|z 9789811336195
|
| 856 |
4 |
0 |
|u https://doi.org/10.1007/978-981-13-3618-8
|z Full Text via HEAL-Link
|
| 912 |
|
|
|a ZDB-2-SLS
|
| 950 |
|
|
|a Social Sciences (Springer-41176)
|